000 00685nam a22002057a 4500
005 20260406162708.0
008 260406b |||||||| |||| 00| 0 eng d
020 _a9788198505521
040 _cSGVU
_dSGVU
082 _222
_a632.95
_bKUS A
100 _aKuriyal Suniti Kumar And Bharti Chauhan
_940016
245 _aAnalytical Techniques in Plant Science
_hEnglish
250 _a1
260 _aAmbala Haryana
_bA K International Publication
_c2025
300 _a160p
_bPaperback
650 _aAnalytical Techniques in Plant Science
_zIndia
_940017
700 _aShukla Deepti and Keshav Shukla
_940018
710 _aPandey Adarsh
_940019
942 _2ddc
_cBOOKS
_e1
_h2
_k632.95 KUS A
999 _c90149
_d90149